000 00562nam a2200193Ia 4500
005 20260114185704.0
008 008 260114s9999 xx 000 0 eng d
020 _a9781780931364
037 _aEBOOK
040 _aCRL
_beng
_cCRL
041 _aeng
_2eng
084 _qCRL
100 _aDavid Loades
_9873164
245 4 _aThe Cecils Privilege and Power Behind the Throne
260 _bBloomsbury
_c2007
856 _uhttps://doi.org/10.5040/9781780931364?locatt=label:secondary_bloomsburyCollections
942 _cEBOOK
999 _c1472112
_d1472112